000 00249nam a2200097Ia 4500
008 240331s9999 xx 000 0 und d
082 _bSTR
100 _aStrathern, Alan
245 4 _aThe Royal 'We' :
_bSinhala Identity in the Dynastic State
942 _cL
999 _c5434
_d5434